| 000 | 00528ntaaa2200193 4500 | ||
|---|---|---|---|
| 003 | 01 | ||
| 005 | 20251027202453.0 | ||
| 008 | 0714s1973 ag 01 | ||
| 040 |
_aAR-BaBN _bspa _cAR-BaBN _eaacr _dRIC |
||
| 082 | _a268.4323 P93 | ||
| 100 |
_aPriester, Gertrude _923611 |
||
| 245 | _aTeaching primary children in the church | ||
| 250 | _a1 ed. | ||
| 260 |
_aPhiladelphia : _bThe Geneva Press, _cc1964 |
||
| 300 | _a96 p. | ||
| 500 | _aenseƱanda a los principiantes en la iglesia | ||
| 650 |
_aPrincipiantes _93772 |
||
| 942 | _cBK | ||
| 999 |
_c19711 _d19711 |
||